Vista normal
Vista MARC
Entrada Materia (tema)
Número de registros utilizados en: 2
001 - CONTROL NUMBER
- control field: 35472
003 - CONTROL NUMBER IDENTIFIER
- control field: Co-BoUCM
005 - DATE AND TIME OF LATEST TRANSACTION
- control field: 20130411102624.0
008 - FIXED-LENGTH DATA ELEMENTS
- fixed length control field: 130411|| aca||aabn | a|a d
040 ## - CATALOGING SOURCE
- Original cataloging agency: Co-BoUCM
- Transcribing agency: Co-BoUCM
150 ## - HEADING--TOPICAL TERM
- Topical term or geographic name as entry element: Internet (Red de computadores)
- General subdivision: Efectos fisiológicos
670 ## - SOURCE DATA FOUND
- Source citation: Work cat.: (Co-BoUCM)75882: Carr, Nicholas 35303, Superficiales, 2011